000 00452nam a2200169Ia 4500
008 241217s9999||||xx |||||||||||||| ||und||
020 _a9780273630241
_c58
040 _beng
_cSSK Library
_erda
082 _a174.4/SAN
100 _a Alan Sangster
245 0 _aWorkbook Of Accounting Standards
250 _a4th ed
260 _b Pitman Publishing
_c©1997
942 _2Dewey Decimal Classification
_cBOOK
_nNo
999 _c24775
_d24775
003 OSt
005 20241217112936.0